| 000 | 00525cas a22001935a 4500 | ||
|---|---|---|---|
| 001 | ##L133724 | ||
| 008 | 060605d19841990xxkqr p 0 a0eng u | ||
| 022 | 0 | _a0264-0821 | |
| 035 | _a(Sirsi) u133724 | ||
| 041 | 0 | _aeng | |
| 245 | 0 | 0 | _aLand Development Studies |
| 260 |
_aLondon _bE. and F. N. Spon _c1984-1990 |
||
| 362 | _a1984-7(3) September 1990 | ||
| 554 | _aFour per year | ||
| 651 | 4 | _aInternational | |
| 690 | _aPROPERTY-PROPERTY DEVELOPMENT | ||
| 785 | 0 | 0 |
_tJournal of Property Research _x0959-9916 |
| 942 | _n0 | ||
| 999 |
_c118857 _d118857 |
||